|
|
|
|
| LEADER |
01270nam a2200289 a 4500 |
| 001 |
GR-MES2855 |
| 008 |
991111s gr 000 b eng d |
| 020 |
|
|
|a 0890542023
|
| 040 |
|
|
|a GrPaTEI
|b gre
|c GR-PaULI
|
| 245 |
0 |
0 |
|a Compendium of flowering potted plant diseases.
|
| 260 |
|
|
|a USA :
|b The American Phytopathological Society,
|c c1995
|
| 300 |
|
|
|a 89σελ. :
|b εικ.
|
| 650 |
|
4 |
|a Ασθένειες
|
| 650 |
|
4 |
|a Λουλούδια
|
| 650 |
|
4 |
|a Παθολογία
|
| 650 |
|
4 |
|a Παθολογία Φυτών
|
| 650 |
|
4 |
|a Φυτά
|x Καλλιέργεια
|
| 650 |
|
4 |
|a Φυτοπαθολογία
|
| 700 |
1 |
|
|a Daughtrey, M.
|
| 700 |
1 |
|
|a Peterson, J.
|
| 700 |
1 |
|
|a Wick, R.
|
| 710 |
0 |
|
|a The American Phytopathological Society
|
| 942 |
|
|
|2 ddc
|
| 952 |
|
|
|0 0
|1 0
|2 ddc
|4 0
|6 632_300000000000000_DAU
|7 0
|9 267338
|a MSLG
|b MSLG
|c BSC
|d 2021-01-17
|e 24
|f 0
|g 0.00
|l 0
|o 632.3 DAU
|p 2420000012298
|r 2021-01-17 00:00:00
|t 1
|v 2021.00
|w 2021-01-17
|y BK15
|x Μεταφορά από Αμαλιάδα (18/10/22)
|x GrPaTEI
|
| 952 |
|
|
|0 0
|1 0
|2 ddc
|4 0
|6 632_300000000000000_DAU
|7 0
|9 267339
|a MSLG
|b MSLG
|c BSC
|d 2021-01-17
|e 24
|f 0
|g 0.00
|l 0
|o 632.3 DAU
|p 2420000007576
|r 2021-01-17 00:00:00
|t 1
|w 2021-01-17
|y BK15
|x 19991111 0 1
|x GrPaTEI
|
| 971 |
|
|
|a .b25739001
|b 15-04-20
|c 13-09-16
|
| 999 |
|
|
|c 153890
|d 153890
|